000 00321nam a2200133Ia 4500
008 240624s9999 xx 000 0 und d
041 _aeng
082 _a658.83 GUP
100 _aGUPTA S L
245 _aMARKETING RESEARCH
260 _c2003
_aNew Delhi
_bExcel Books
300 _axvi, : 599 : p. : cm. ; 24
365 _cRS
999 _c2507
_d2507